000 01315nam0a22002771 4500
001 rc\1660801
005 20260405222545.0
035 _a(NLR Aleph) 005285911
090 _a6143392
_c6143392
100 _a20061002d1891 |||y0rusy50 ca
101 0 _arus
102 _aRU
105 _ay z |||||
200 1 _aО пьянстве
_eС предисл. гр. Л.Н. Толстого: "Для чего люди одурманиваются?"
_f[Д-р П.С. Алексеев]
210 _aМосква
_cред. журн. "Русская мысль"
_d1891
215 _a[4], 185, [2] с.
_d20
300 _aАвт. указан перед загл.
464 0 _12001#$aДля чего люди одурманиваются?
_1700#1$3RU\NLR\AUTH\771515$7ca$aТолстой$bЛ. Н.$f1828-1910$gЛев Николаевич
_tДля чего люди одурманиваются?
_aТолстой, Лев Николаевич (1828-1910)
700 1 _8rus
_7ca
_aАлексеев
_bП. С.
_cврач, публицист
_f1849-1913
_gПетр Семенович
_3RU\NLR\AUTH\77100813
_983739
801 0 _aRU
_bNLR
_c20061002
_gpsbo
801 0 _aRU
_bRuMoRGB
_c20061002
_2psbo
801 1 _aRU
_bProSoft-M
_c20061002
_2rusmarc
801 2 _aRU
_bNLR
_c20130704
_2rusmarc
852 _aNLR
_j18.266.8.38
942 _cBOOK
980 _aNB